000 00444nam a2200181Ia 4500
001 14601
005 20260306164926.0
008 260306t2010||||xx |||||||||||||| ||spa||
041 _aESP
082 _a515.35
_bC17
100 _aCalvo Pinilla, Manuel
_eAUT
245 0 _aCurso de ecuaciones diferenciales ordinarias
260 _c2010
300 _a397 páginas :
_c23 cm.
650 _aGEN
654 _aCMA
942 _cLIB
_dJUS
_fJUS
_2ddc
_n
999 _c14601
_d14601